000 00798cam a2200145 4500
001 WS122921
008 030703n 000 0 eng u
035 _a(Sirsi) u122921
110 _aWorld Business Council for Sustainable Development
_94488
245 _aWorld Business Council for Sustainable Development
_h[electronic resource]
520 _aWeb site for this coalition of 165 international companies, drawn from 30 countries and 20 industrial sectors, 'united for a shared commitment to sustainable development via the three pillars of economic growth, ecological balance and social progress'. Includes details of key projects and case studies.
690 _aENVIRONMENTAL AND LAND CONSULTANCY-ENERGY
856 4 0 _uwww.wbcsd.org
_zView the website free of charge at www.wbcsd.org
942 _n0
999 _c120311
_d120311